NLSUI OPAC header image

Administration law (Record no. 5523)

MARC details
000 -LEADER
fixed length control field 00384nam a2200157Ia 4500
008 - FIXED-LENGTH DATA ELEMENTS--GENERAL INFORMATION
fixed length control field 160316s1976 xxu||||| |||| 00| 0 eng d
082 ## - DEWEY DECIMAL CLASSIFICATION NUMBER
Classification number 342.000000
Item number SCH
100 ## - MAIN ENTRY--PERSONAL NAME
Personal name Schwartz Bernard
245 ## - TITLE STATEMENT
Title Administration law
250 ## - EDITION STATEMENT
Edition statement
260 ## - PUBLICATION, DISTRIBUTION, ETC.
Place of publication, distribution, etc. Boston
Name of publisher, distributor, etc. Little,Brown & Co.
Date of publication, distribution, etc. 1976
300 ## - PHYSICAL DESCRIPTION
Extent 730p.
Other physical details 20 cm
Dimensions xiv
365 ## - TRADE PRICE
Price amount Rs.
650 ## - SUBJECT ADDED ENTRY--TOPICAL TERM
Topical term or geographic name entry element 1.Administrative Law
700 ## - ADDED ENTRY--PERSONAL NAME
Personal name
--
Holdings
Withdrawn status Lost status Damaged status Not for loan Home library Current library Shelving location Date acquired Total Checkouts Full call number Barcode Date last seen Price effective from Koha item type
        NLS NLS Library Compactors 30/05/2017   342 SCH 5709 14/06/2024 30/05/2017 BOOKs